PALUAN GENDANG PERANG AKHIR ZAMAN AL MALHAMAH AL KUBRA SEMAKIN HAMPIR.. / (Record no. 181954)
[ view plain ]
| 000 -LEADER | |
|---|---|
| fixed length control field | 01240nam a2200361 i 4500 |
| 001 - CONTROL NUMBER | |
| control field | vtls000887899 |
| 003 - CONTROL NUMBER IDENTIFIER | |
| control field | PNM |
| 005 - DATE AND TIME OF LATEST TRANSACTION | |
| control field | 20210210000358.0 |
| 008 - FIXED-LENGTH DATA ELEMENTS--GENERAL INFORMATION | |
| fixed length control field | 191009s2020 my ao e 000 0 may |
| 015 ## - NATIONAL BIBLIOGRAPHY NUMBER | |
| National bibliography number | M20-01409 |
| 020 ## - INTERNATIONAL STANDARD BOOK NUMBER | |
| International Standard Book Number | 9789672278184 |
| Qualifying information | paperback |
| Terms of availability | RM37.90 |
| 039 #9 - LEVEL OF BIBLIOGRAPHIC CONTROL AND CODING DETAIL [OBSOLETE] | |
| Level of rules in bibliographic description | 202007161436 |
| Level of effort used to assign nonsubject heading access points | irfah |
| Level of effort used to assign subject headings | 202007131547 |
| Level of effort used to assign classification | hisyamuddin_m |
| Level of effort used to assign subject headings | 202005161147 |
| Level of effort used to assign classification | anis_o |
| Level of effort used to assign subject headings | 202002181535 |
| Level of effort used to assign classification | mawarny |
| 040 ## - CATALOGING SOURCE | |
| Original cataloging agency | BNM |
| Language of cataloging | eng |
| Transcribing agency | BNM |
| Modifying agency | PNM |
| -- | PPAK |
| Description conventions | rda |
| 049 ## - LOCAL HOLDINGS (OCLC) | |
| Holding library | mal |
| 082 04 - DEWEY DECIMAL CLASSIFICATION NUMBER | |
| Classification number | 297.23 |
| Edition number | 23 |
| 090 00 - LOCALLY ASSIGNED LC-TYPE CALL NUMBER (OCLC); LOCAL CALL NUMBER (RLIN) | |
| Classification number (OCLC) (R) ; Classification number, CALL (RLIN) (NR) | 297.23 |
| Feature heading | SHA |
| Feature heading | G |
| 100 0# - MAIN ENTRY--PERSONAL NAME | |
| Personal name | Shafie Abdul Rahman, |
| Dates associated with a name | 1960- |
| Relator term | author. |
| 245 10 - TITLE STATEMENT | |
| Title | PALUAN GENDANG PERANG AKHIR ZAMAN AL MALHAMAH AL KUBRA SEMAKIN HAMPIR.. / |
| Statement of responsibility, etc. | SHAFIE ABDUL RAHMAN |
| 264 #1 - PRODUCTION, PUBLICATION, DISTRIBUTION, MANUFACTURE, AND COPYRIGHT NOTICE | |
| Place of production, publication, distribution, manufacture | Petaling Jaya, Selangor : |
| Name of producer, publisher, distributor, manufacturer | Hijjaz Records Publishing, |
| Date of production, publication, distribution, manufacture, or copyright notice | [2020] |
| 300 ## - PHYSICAL DESCRIPTION | |
| Extent | viii, 233 pages : |
| Other physical details | colour illustrations, colour photographs ; |
| Dimensions | 21 cm |
| 336 ## - CONTENT TYPE | |
| Content type term | text |
| Source | rdacontent |
| 337 ## - MEDIA TYPE | |
| Media type term | unmediated |
| Source | rdamedia |
| 338 ## - CARRIER TYPE | |
| Carrier type term | volume |
| Source | rdacarrier |
| 504 ## - BIBLIOGRAPHY, ETC. NOTE | |
| Bibliography, etc. note | Bibliography: pages 232-233 |
| 650 10 - SUBJECT ADDED ENTRY--TOPICAL TERM | |
| Topical term or geographic name entry element | End of the world (Islam) |
| Topical term or geographic name entry element | Prophecy |
| General subdivision | Islam |
| Topical term or geographic name entry element | War |
| General subdivision | Religious aspects |
| -- | Islam |
| 942 ## - ADDED ENTRY ELEMENTS (KOHA) | |
| Source of classification or shelving scheme | Dewey Decimal Classification |
| Koha item type | Book |
| 949 ## - LOCAL PROCESSING INFORMATION (OCLC) | |
| 6 | 1001346329 |
| a | 297.23 SHA D |
| e | 2672130 |
| 6 | 2000720191 |
| 6 | 2000720267 |
| 6 | 2000720192 |
| Withdrawn | Not for loan | Current library | Shelving location | Date acquired | Total Checkouts | Total Renewals | Full call number | Barcode | Date last seen | Date last checked out | Koha item type |
|---|---|---|---|---|---|---|---|---|---|---|---|
| Perpustakaan Alor Setar | Pinjaman Dewasa | 28/02/2021 | 3 | 1 | 297.23 SHA | A01678772 | 01/01/2024 | 11/12/2023 | Book | ||
| Perpustakaan Awam Sungai Petani | Pinjaman Dewasa | 28/02/2021 | 2 | 297.23 SHA | A01678773 | 09/11/2024 | 30/10/2024 | Book | |||
| Perpustakaan Baling | Pinjaman Dewasa | 28/02/2021 | 1 | 297.23 SHA | A01678775 | 29/03/2023 | 01/03/2023 | Book | |||
| Perpustakaan Bandar Baharu | Pinjaman Dewasa | 28/02/2021 | 297.23 SHA | A01678776 | 28/02/2021 | Book | |||||
| Perpustakaan Kuala Nerang | Pinjaman Dewasa | 28/02/2021 | 1 | 1 | 297.23 SHA | A01678780 | 18/05/2022 | 06/04/2022 | Book | ||
| Perpustakaan Kulim | Pinjaman Dewasa | 28/02/2021 | 2 | 1 | 297.23 SHA | A01678774 | 17/07/2023 | 24/06/2023 | Book | ||
| Perpustakaan Merbok | Pinjaman Dewasa | 28/02/2021 | 297.23 SHA | A01678777 | 28/02/2021 | Book | |||||
| Perpustakaan Pendang | Pinjaman Dewasa | 28/02/2021 | 2 | 1 | 297.23 SHA | A01678781 | 02/06/2026 | 05/05/2026 | Book | ||
| Perpustakaan Sik | Pinjaman Dewasa | 28/02/2021 | 297.23 SHA | A01678779 | 28/02/2021 | Book | |||||
| Perpustakaan Yan | Pinjaman Dewasa | 28/02/2021 | 297.23 SHA | A01678778 | 28/02/2021 | Book | |||||
| PD03, Kg. Pulau Pisang, Jitra | Pinjaman Dewasa | 28/02/2021 | 297.23 SHA | A01678782 | 28/02/2021 | Book | |||||
| PD07, Kg. Jelutong, Sik | Pinjaman Dewasa | 28/02/2021 | 297.23 SHA | A01678783 | 28/02/2021 | Book | |||||
| PD08, Felda Gunung Bongsu, Kulim | Pinjaman Dewasa | 28/02/2021 | 297.23 SHA | A01678784 | 28/02/2021 | Book |